LEADER 04385oam 2200601 c 450 001 996582059003316 005 20220221094418.0 010 $a3-8394-6098-0 024 7 $a10.1515/9783839460986 035 $a(MiAaPQ)EBC6865378 035 $a(Au-PeEL)EBL6865378 035 $a(CKB)20937224000041 035 $a(DE-B1597)612432 035 $a(DE-B1597)9783839460986 035 $a(OCoLC)1293254599 035 $a(transcript Verlag)9783839460986 035 $a(EXLCZ)9920937224000041 100 $a20220221d2022 uy 0 101 0 $ager 135 $aurcnu|||||||| 181 $ctxt$2rdacontent 182 $cc$2rdamedia 183 $acr$2rdacarrier 200 10$aAufenthaltsrechtliche Illegalita?t erza?hlen$eVon Gedankenwelten und Lebensnischen im gemeinsamen Raum$fHelena Grebner 205 $a1st ed. 210 $aBielefeld$ctranscript Verlag$d2022 215 $a1 online resource (295 pages) 225 0 $aKultur und soziale Praxis 311 08$aPrint version: Grebner, Helena Aufenthaltsrechtliche Illegalität erzählen Bielefeld : transcript,c2022 9783837660982 327 $aFrontmatter 1 Inhalt 5 Dank 11 1. Assoziative Spuren 13 2. U?ber diejenigen, die (auch) da sind 17 3. Struktur und Aufbau der Arbeit 23 1. U?ber ein normatives Konstrukt 29 2. U?ber das theoretisierte Subjekt 57 3. Aufenthaltsrechtliche Illegalita?t: politisch-normative Strukturen und selektive (Un-)Sichtbarkeiten 73 1. Voru?berlegungen 81 2. Das Interview als performativer Deutungsraum 89 3. Interviewfu?hrung und -Auswertung im machtdiskursiven Raum der Begegnung 111 4. Ein Feld (welches keines ist) und Darstellung der Ergebnisse (ohne abschließende Deutung) 134 1. Nara: Es gibt Geheimnisse, die du auch vor dir selbst geheim halten musst 143 2. Rosina: Man lebt in Sehnsucht 160 3. Fernando, Julia & Pablo: U?ber diejenigen, die du liebst 172 4. Lydia: Ein Stu?ck Kuchen 188 5. Juan & Mona: Es geschehen noch Wunder 198 6. Miguel & Markus: In seichten Gewa?ssern 212 7. Kai: Reden 222 8. Phileas: Schweigen 235 1. Bezugnahmen und Abgrenzungen zu dominanten Figuren 241 2. (Nicht-)Sprechen und Schweigen im normativen Diskurs 249 3. Positionieren auf der (Un-)Sichtbarkeitsachse 256 1. Assoziative Spuren 263 2. U?ber diejenigen, die (auch) da sind 265 Literatur 275 330 $aAufenthaltsrechtliche Illegalita?t ist ein gesellschaftliches Konstrukt, aber auch eine subjektiv erlebte und individuell verko?rperte Erfahrung. Die Stimmen illegalisierter Menschen werden jedoch oft auf unterschiedliche Weise vereinnahmt. Helena Grebner betrachtet den gemeinsamen Raum der Erza?hlsituation der Betroffenen, in dem sie ihre eigenen Geschichten und Gedankenwelten u?ber das Leben ohne Aufenthaltsstatus erza?hlen. Sie zeigt, dass sich in den individuellen Erfahrungen sowohl dominante Narrative und Ordnungen als auch ein Widersetzen gegen diese widerspiegeln, welches sich performativ in unterschiedlichster Nuancierung entfaltet. 410 0$aKultur und soziale Praxis 606 $aIllegalita?t; Migration; Grenze; Mobilita?t; Bu?rgerschaft; Figuren; Narrationen; Performativita?t; Flucht; Recht; Flu?chtlingsforschung; Migrationspolitik; Postkolonialismus; Illegal; Border; Mobility; Citizenship; Figures; Performativity; Fleeing; Law; Refugee Studies; Migration Policy; Postcolonialism; 610 $aBorder. 610 $aCitizenship. 610 $aFigures. 610 $aFleeing. 610 $aLaw. 610 $aMigration Policy. 610 $aMigration. 610 $aMobility. 610 $aPerformativity. 610 $aPostcolonialism. 610 $aRefugee Studies. 615 4$aIllegalita?t; Migration; Grenze; Mobilita?t; Bu?rgerschaft; Figuren; Narrationen; Performativita?t; Flucht; Recht; Flu?chtlingsforschung; Migrationspolitik; Postkolonialismus; Illegal; Border; Mobility; Citizenship; Figures; Performativity; Fleeing; Law; Refugee Studies; Migration Policy; Postcolonialism; 700 $aGrebner$b Helena$pLudwig-Maximilians-Universita?t Mu?nchen, Deutschland$4aut$01725312 801 0$bMiAaPQ 801 1$bMiAaPQ 801 2$bMiAaPQ 906 $aBOOK 912 $a996582059003316 996 $aAufenthaltsrechtliche Illegalita?t erza?hlen$94128226 997 $aUNISA LEADER 02049nas 2200625- 450 001 9910167559103321 005 20260127110708.0 011 $a2042-8332 035 $a(DE-599)ZDB2625869-9 035 $a(OCoLC)186383774 035 $a(CKB)1000000000285706 035 $a(CONSER)--2016207363 035 $a(DE-599)2625869-9 035 $a(EXLCZ)991000000000285706 100 $a20080102b20072010 s-- a 101 0 $aeng 135 $aurun||||||||| 181 $ctxt$2rdacontent 182 $cc$2rdamedia 183 $acr$2rdacarrier 200 00$aAdvances in mental health and learning disabilities 210 1$aBrighton :$cPavilion,$d2007-2010. 215 $a1 online resource 300 $aRefereed/Peer-reviewed 311 08$a1753-0180 606 $aLearning disabled$xMental health services$zGreat Britain$vPeriodicals 606 $aLearning disabilities 606 $aMental health 606 $aLearning Disabilities 606 $aMental Health 606 $aPersonnes en difficulté d'apprentissage$xServices de santé mentale$zGrande-Bretagne$vPériodiques 606 $aTroubles de l'apprentissage 606 $aSanté mentale 606 $amental health$2aat 606 $aMental health$2fast$3(OCoLC)fst01016339 606 $aLearning disabilities$2fast$3(OCoLC)fst00994891 607 $aGreat Britain$2fast 608 $aPeriodical. 608 $aPeriodicals.$2fast 615 0$aLearning disabled$xMental health services 615 0$aLearning disabilities. 615 0$aMental health. 615 12$aLearning Disabilities. 615 12$aMental Health. 615 6$aPersonnes en difficulté d'apprentissage$xServices de santé mentale 615 6$aTroubles de l'apprentissage. 615 6$aSanté mentale. 615 7$amental health. 615 7$aMental health. 615 7$aLearning disabilities. 676 $a362.30941 906 $aJOURNAL 912 $a9910167559103321 996 $aAdvances in mental health and learning disabilities$92266686 997 $aUNINA